| 000 | 00403ngm a2200145Ia 4500 | ||
|---|---|---|---|
| 008 | 180904s9999||||xx ||| | || ||und|| | ||
| 020 | _a9780240807799 | ||
| 082 |
_a791.430232 _bBLO/T |
||
| 100 | _aBlock, Bruce | ||
| 245 | 4 | _aThe Visual Story Creating the Visual Structure of Film, TV and Digital Media) | |
| 250 | _a 2nd Edition | ||
| 260 |
_aUK _bElsevier inc _c2008 |
||
| 300 | _a295p | ||
| 942 | _cDVD | ||
| 999 |
_c3010 _d3010 |
||